00492 a2200157 4500010001400000020002300014035001300037037001800050082000800068100001500076245009100091260005000182270004400232300003300276700002500309 aENG-86067 a0070620253c125.00 aEN-69600 bD.B.Act / Pub14a5101 aJain, D.R.1 aCA digest :cby D.R.Jain and Bharat Jhunjhunwalabquestions & answers in mathematics / aNew DelhibTata Mc-Graw Hill Publishingc2007 a7, West Patel NagarbNew Delhie110 008 aviii, 198 p.c23 cm. (Pbk.)1 aJhunjhunwala, Bharat